La teoría del caos y sus aplicaciones a la evolución, predicción y control de sistemas naturales y sistemas sociales /

Conjunto de estudios interdisciplinarios sobre distintos sistemas naturales y sociales vistos y explicados desde la teoría del caos.

Guardado en:
Detalles Bibliográficos
Autor principal: Ferrer Figueras, Lorenzo (coord.)
Formato: Libro
Idioma:Español
Publicado: Valencia, España : Generalitat Valenciana, Consejería de Cultura, Educación y Ciencia, 2000, c2000
Colección:(Textos Científico Técnicos)
Temas:
Etiquetas: Agrega una etiqueta
Sin etiquetas, Sé el primero en etiquetar este registro!

MARC

LEADER 00000nam^a2200000^a^4500
001 000154234
005 20250521000000.0
009 20260310100347.601
020 |a 84-482-2423-X 
037 |a Acervo ITESO - Biblioteca 
041 |a ESP 
082 |a 003. 75  |b FER 
100 |a Ferrer Figueras, Lorenzo  |e (coord.) 
245 1 3 |a La teoría del caos y sus aplicaciones a la evolución, predicción y control de sistemas naturales y sistemas sociales /  |c Coord. de L. Ferrer Figueras. 
264 4 |a Valencia, España :  |b Generalitat Valenciana, Consejería de Cultura, Educación y Ciencia,  |c 2000, c2000 
300 |a 184 p. 
336 |a texto  |b txt  |2 rdacontenido 
337 |a sin mediación  |b n  |2 rdamedio 
338 |a volumen  |b nc  |2 rdasoporte 
440 1 |a (Textos Científico Técnicos) 
520 |a Conjunto de estudios interdisciplinarios sobre distintos sistemas naturales y sociales vistos y explicados desde la teoría del caos. 
649 |a XX 
650 |a Teoría del Caos 
650 |a Fractales 
650 |a Geometría 
650 |a Sistemas Dinámicos 
650 |a Sistemas No Lineales 
650 |a Dinámica de Cuerpos Rígidos 
650 |a Mecánica 
650 |a Isomorfismos (Matemáticas) 
650 |a Teoría de Sistemas 
650 |a Matemáticas 
650 |a Ciencias Exactas 
650 |a Ansiedad 
650 |a Depresión 
650 |a Trastornos Psicosomáticos 
650 |a Glándula Pineal 
650 |a Endocrinología 
650 |a Electrocardiograma 
650 |a Anatomía 
650 |a Epidemiología -  |x Aspectos Económicos 
650 |a Reacciones Químicas 
650 |a Habla 
650 |a Comunicación Verbal 
650 |a Lenguaje y Lenguas 
650 |a Fonología 
650 |a Sociolingüística 
650 |a Planeación Educativa 
650 |a Educación Formal 
650 |a Satélites 
650 |a Climatología 
650 |a Epistemología 
910 |a Fondo General 
920 |a Impresos - Libros 
930 |a Colección General 
905 |a 101 
901 |a 0500086070  |b IT1  |c ACC  |u 20250521 
902 |a https://opac.biblio.iteso.mx/vufind/Record/000154234